[Event "67th ch-RUS HL 2014"]
[Site "Vladivostok RUS"]
[Date "2014.06.04"]
[Round "1.1"]
[White "Jakovenko, Dmitry"]
[Black "Shomoev, Anton"]
[Result "1/2-1/2"]
[WhiteTitle "GM"]
[BlackTitle "GM"]
[WhiteElo "2736"]
[BlackElo "2574"]
[WhiteFideId "4122356"]
[BlackFideId "4135148"]
[EventDate "2014.06.04"]

1. c4 e6 2. d4 d5 3. Nc3 c6 4. e3 Nf6 5. Nf3 Nbd7 6. Qc2 Bd6 7. g4 h6 8. h3 e5
9. dxe5 Nxe5 10. Nxe5 Bxe5 11. Bd2 O-O 12. O-O-O Qe7 13. Kb1 Rd8 14. f4 Bxc3 15.
Bxc3 Qxe3 16. Bxf6 gxf6 17. f5 Bd7 18. h4 Qf4 19. Be2 Re8 20. Bd3 Re3 21. Rhf1
Qe5 22. Qd2 Re8 23. Bc2 Kg7 24. cxd5 Re2 25. Qd3 cxd5 26. Qxd5 Ba4 27. b3 Qxd5
28. Rxd5 Bc6 29. Rc5 Rh2 30. h5 Ree2 31. Rf4 Kf8 32. Rc3 Rhf2 33. Rxf2 Rxf2 34.
Rc4 Ke7 35. Be4 Rf4 36. Bxc6 Rxc4 37. bxc4 bxc6 38. c5 Kd7 39. Kb2 Kc7 40. Kb3
Kb7 41. Kb4 1/2-1/2

[Event "67th ch-RUS HL 2014"]
[Site "Vladivostok RUS"]
[Date "2014.06.04"]
[Round "1.3"]
[White "Tomashevsky, Evgeny"]
[Black "Evdokimov, Alexander A."]
[Result "1-0"]
[WhiteTitle "GM"]
[BlackTitle "GM"]
[WhiteElo "2695"]
[BlackElo "2548"]
[WhiteFideId "4147235"]
[BlackFideId "4139275"]
[EventDate "2014.06.04"]

1. d4 Nf6 2. c4 e6 3. Nc3 c5 4. d5 exd5 5. cxd5 d6 6. e4 g6 7. f3 Bg7 8. Nge2
Nh5 9. Be3 a6 10. a4 Nd7 11. Qd2 Ne5 12. Ng3 Nxg3 13. hxg3 h5 14. Be2 Rb8 15.
O-O f5 16. Bg5 Qc7 17. exf5 Bxf5 18. g4 hxg4 19. fxg4 Bxg4 20. Bxg4 Nxg4 21.
Rae1+ Be5 22. Qf4 Qd7 23. Rf3 Qf5 24. Qd2 Qd7 25. Qd3 Qg7 26. Qc4 Nh2 27. Rxe5+
dxe5 28. Rf6 Rh5 29. Ne4 Rxg5 30. Re6+ Kd7 31. Nxg5 Qh6 32. Qxc5 1-0

[Event "67th ch-RUS HL 2014"]
[Site "Vladivostok RUS"]
[Date "2014.06.04"]
[Round "1.4"]
[White "Stukopin, Andrey"]
[Black "Riazantsev, Alexander"]
[Result "1-0"]
[WhiteTitle "GM"]
[BlackTitle "GM"]
[WhiteElo "2546"]
[BlackElo "2692"]
[WhiteFideId "24107131"]
[BlackFideId "4125029"]
[EventDate "2014.06.04"]

1. e4 c6 2. d4 d5 3. e5 Bf5 4. h4 h6 5. g4 Bd7 6. Nc3 e6 7. Be3 Qc7 8. f4 a6 9.
h5 c5 10. Nf3 cxd4 11. Nxd4 Bb4 12. Qd2 Ne7 13. Bd3 Nbc6 14. a3 Ba5 15. Nb3 d4
16. Nxd4 Nd5 17. Nde2 Rc8 18. Rh3 Nxe3 19. Qxe3 Bb6 20. Qd2 Bc5 21. Ne4 Be7 22.
O-O-O b5 23. Kb1 Rb8 24. c3 Na5 25. Bc2 Nc4 26. Qd4 Bc6 27. Nd6+ Kf8 28. f5 Rd8
29. fxe6 Nxd6 30. Qf2 f6 31. exd6 Bxd6 32. Nf4 Bxf4 33. Rxd8+ Qxd8 34. Qxf4 g5
35. hxg6 Kg7 36. Rd3 Qe7 37. Qd6 Qb7 38. Rd4 Rc8 39. Bf5 Rc7 40. g5 hxg5 41. Qh2 1-0

[Event "67th ch-RUS HL 2014"]
[Site "Vladivostok RUS"]
[Date "2014.06.04"]
[Round "1.6"]
[White "Looshnikov, Nikolai"]
[Black "Inarkiev, Ernesto"]
[Result "1/2-1/2"]
[WhiteTitle "IM"]
[BlackTitle "GM"]
[WhiteElo "2480"]
[BlackElo "2682"]
[WhiteFideId "4150104"]
[BlackFideId "4162722"]
[EventDate "2014.06.04"]

1. d4 Nf6 2. Nf3 g6 3. Bg5 Bg7 4. Nbd2 d5 5. e3 O-O 6. Bd3 c5 7. c3 b6 8. O-O
Bb7 9. Qb1 Nbd7 10. a4 a5 11. Re1 e6 12. Bh4 Qc8 13. h3 Bc6 14. e4 dxe4 15. Nxe4
Nxe4 16. Bxe4 Ra7 17. Rd1 Qa8 18. Bxc6 Qxc6 19. Qd3 c4 20. Qe2 Rc8 21. Ne5 Qd5
22. Qf3 Qxf3 23. Nxf3 Rb7 24. Be7 f6 25. Ba3 Kf7 26. Nd2 f5 27. Nf3 h6 28. Re1
b5 29. axb5 Rxb5 30. Re2 Rc6 31. Rd1 Bf6 32. h4 Rd5 33. Rde1 g5 34. hxg5 hxg5
35. g3 g4 36. Nd2 e5 37. dxe5 Nxe5 38. Kg2 Nd3 39. Rf1 Bg5 40. f4 Bh6 41. Rh1
Kg6 42. Rf1 Rd7 43. Kg1 Kf7 44. Rd1 Bf8 45. Nxc4 Rxc4 46. Bxf8 Kxf8 47. Red2
Nxb2 48. Rxd7 Nxd1 49. Rxd1 Rxc3 50. Rd5 Rxg3+ 51. Kh2 Rh3+ 52. Kg2 a4 53. Rxf5+
Ke7 54. Rg5 a3 55. Rxg4 Rc3 56. Rg6 Kd7 57. Ra6 Kc7 58. Kf2 Kb7 59. Ra4 Kb6 60.
Ke2 Kb5 61. Kd2 Rf3 62. Ra8 Kb4 63. Kc2 Rf2+ 64. Kb1 Rxf4 65. Rb8+ Ka4 66. Ra8+
Kb3 67. Rb8+ Ka4 68. Ra8+ Kb3 69. Rb8+ Ka4 1/2-1/2

[Event "67th ch-RUS HL 2014"]
[Site "Vladivostok RUS"]
[Date "2014.06.04"]
[Round "1.7"]
[White "Alekseev, Evgeny"]
[Black "Iskusnyh, Sergei"]
[Result "1/2-1/2"]
[WhiteTitle "GM"]
[BlackTitle "GM"]
[WhiteElo "2673"]
[BlackElo "2478"]
[WhiteFideId "4138147"]
[BlackFideId "4120027"]
[EventDate "2014.06.04"]

1. e4 e6 2. d4 d5 3. Nc3 Nf6 4. e5 Nfd7 5. f4 c5 6. Nf3 Nc6 7. Be3 Be7 8. Qd2
O-O 9. Be2 a6 10. O-O b5 11. a3 Bb7 12. Nd1 Qc7 13. c3 Na5 14. Qe1 Nc4 15. Bd3
cxd4 16. cxd4 f5 17. Kh1 Rac8 18. Rg1 Kh8 19. Bf2 Qd8 20. Qe2 Qe8 21. Be1 Nb8
22. Nf2 Nc6 23. Nh3 Qh5 24. Rb1 h6 25. Nf2 g5 26. fxg5 hxg5 27. g4 fxg4 28. Rxg4
Rf4 29. Rxf4 gxf4 30. Bc3 Rg8 31. Rg1 Rxg1+ 32. Nxg1 Qxe2 33. Nxe2 N6xe5 34.
Nxf4 Bg5 35. N2h3 Nxd3 36. Nxd3 Be3 37. Nhf4 Bxf4 38. Nxf4 e5 39. Ng2 e4 40. Kg1
Kg7 41. Kf2 1/2-1/2

[Event "67th ch-RUS HL 2014"]
[Site "Vladivostok RUS"]
[Date "2014.06.04"]
[Round "1.8"]
[White "Moiseenko, Vadim"]
[Black "Khismatullin, Denis"]
[Result "0-1"]
[WhiteTitle "IM"]
[BlackTitle "GM"]
[WhiteElo "2474"]
[BlackElo "2671"]
[WhiteFideId "4123700"]
[BlackFideId "4142578"]
[EventDate "2014.06.04"]

1. e4 c5 2. Nf3 d6 3. Bb5+ Nd7 4. O-O a6 5. Bc4 Ngf6 6. Re1 b5 7. Bf1 Bb7 8. d3
g6 9. Nbd2 Bg7 10. c3 e5 11. a4 O-O 12. Qb3 c4 13. Qc2 Nc5 14. axb5 cxd3 15.
Bxd3 Nxd3 16. Qxd3 axb5 17. Rxa8 Qxa8 18. b3 d5 19. Nxe5 dxe4 20. Qxb5 e3 21.
Rxe3 Bxg2 22. Qa4 Nd5 23. Qxa8 Rxa8 24. Re1 Bh3 25. c4 Nb4 26. Bb2 Ra2 27. Bc3
Nd3 28. Nxd3 Bxc3 29. Re8+ Kg7 30. Nf3 Ra1+ 31. Nfe1 Rb1 32. c5 Bf5 33. Kg2 Rxb3
34. Nf4 Bd2 0-1

[Event "67th ch-RUS HL 2014"]
[Site "Vladivostok RUS"]
[Date "2014.06.04"]
[Round "1.9"]
[White "Lysyj, Igor"]
[Black "Airapetian, Gor"]
[Result "1-0"]
[WhiteTitle "GM"]
[BlackTitle "IM"]
[WhiteElo "2670"]
[BlackElo "2472"]
[WhiteFideId "4150120"]
[BlackFideId "4177916"]
[EventDate "2014.06.04"]

1. d4 Nf6 2. c4 e6 3. Nf3 d5 4. Nc3 c6 5. Bg5 h6 6. Bxf6 Qxf6 7. e3 Nd7 8. Bd3
dxc4 9. Bxc4 g6 10. O-O Qe7 11. a4 Bg7 12. a5 O-O 13. Qc2 Rb8 14. Rfd1 Rd8 15.
h3 Nf8 16. Be2 b6 17. axb6 axb6 18. Ne5 Bb7 19. Ra7 Bxe5 20. dxe5 Rxd1+ 21. Qxd1
Ra8 22. Qa4 Qd8 23. Ne4 Qb8 24. Rxa8 Bxa8 25. Nf6+ Kg7 26. Bf3 Bb7 27. Bxc6 Bxc6
28. Qxc6 b5 29. Qc5 Nh7 30. Qe7 Nxf6 31. exf6+ Kg8 32. b4 Qa8 33. g3 Qc8 34. h4
Qa8 35. Kh2 Qc8 36. e4 Qa8 37. Qd7 Qb8 38. Kh3 h5 39. Kh2 Kf8 40. Qe7+ Kg8 41.
Qd7 Kf8 42. f3 Kg8 43. Kh3 Kf8 44. g4 hxg4+ 45. Kxg4 Kg8 46. f4 Kf8 47. h5 gxh5+
48. Kxh5 Kg8 49. Kg4 Kf8 50. Qe7+ Kg8 51. Qc5 1-0

[Event "67th ch-RUS HL 2014"]
[Site "Vladivostok RUS"]
[Date "2014.06.04"]
[Round "1.10"]
[White "Diu, Viacheslav"]
[Black "Fedoseev, Vladimir3"]
[Result "0-1"]
[WhiteTitle "IM"]
[BlackTitle "GM"]
[WhiteElo "2468"]
[BlackElo "2662"]
[WhiteFideId "4167465"]
[BlackFideId "24130737"]
[EventDate "2014.06.04"]

1. e4 c5 2. Nf3 Nc6 3. Bb5 e6 4. Bxc6 bxc6 5. d3 Ne7 6. Qe2 d6 7. e5 Nf5 8. exd6
Nd4 9. Qd1 Bxd6 10. Nbd2 e5 11. c3 Ne6 12. Nc4 f6 13. Qa4 Qc7 14. O-O Be7 15.
Be3 O-O 16. Rfe1 Bd7 17. Qa5 Qb7 18. Nfd2 Rfd8 19. Ne4 Qb5 20. a4 Qxa5 21. Nxa5
f5 22. Ng3 f4 23. Nf5 Bf6 24. Bc1 Be8 25. Nc4 Rxd3 26. Nxe5 Bxe5 27. Kf1 Bc7 28.
Rxe6 Bd7 29. Re7 Kf8 30. Ke2 Bxf5 0-1

[Event "67th ch-RUS HL 2014"]
[Site "Vladivostok RUS"]
[Date "2014.06.04"]
[Round "1.11"]
[White "Grachev, Boris"]
[Black "Chekhov, Sergei"]
[Result "1-0"]
[WhiteTitle "GM"]
[BlackTitle "IM"]
[WhiteElo "2661"]
[BlackElo "2467"]
[WhiteFideId "4129199"]
[BlackFideId "4195639"]
[EventDate "2014.06.04"]

1. d4 Nf6 2. Nf3 e6 3. Bg5 Be7 4. e3 b6 5. c4 Bb7 6. Nc3 h6 7. Bh4 Ne4 8. Bxe7
Qxe7 9. Nxe4 Bxe4 10. a3 O-O 11. Bd3 Bxd3 12. Qxd3 d6 13. O-O Nd7 14. Rfd1 a5
15. b4 axb4 16. axb4 Nf6 17. h3 c6 18. e4 d5 19. exd5 exd5 20. c5 Qb7 21. Ne5
bxc5 22. bxc5 Rxa1 23. Rxa1 Ne4 24. Qb1 Qxb1+ 25. Rxb1 Nc3 26. Rb6 Ne2+ 27. Kf1
Nxd4 28. Nxc6 Nxc6 29. Rxc6 Rd8 30. Ke2 Kf8 31. Kd3 Ke7 32. Kd4 Ra8 33. Kxd5 Ra2
34. Rc7+ Kf6 35. c6 Rxf2 36. Rb7 Rd2+ 37. Kc5 Rxg2 38. c7 Rc2+ 39. Kd6 Rd2+ 40.
Kc6 Rc2+ 41. Kd7 Rd2+ 42. Ke8 Re2+ 43. Kd8 Rd2+ 44. Kc8 Rc2 45. Kb8 Kg5 46. c8=Q
Rxc8+ 47. Kxc8 Kh4 48. Rb3 g5 49. Kd7 h5 50. Kd6 f6 51. Ke6 g4 52. hxg4 Kxg4 53.
Kxf6 h4 54. Rb4+ Kg3 55. Kg5 h3 56. Rb3+ Kg2 57. Kg4 h2 58. Rb2+ Kg1 59. Kg3
h1=Q 60. Rb1# 1-0

[Event "67th ch-RUS HL 2014"]
[Site "Vladivostok RUS"]
[Date "2014.06.04"]
[Round "1.12"]
[White "Yuffa, Daniil"]
[Black "Najer, Evgeniy"]
[Result "1/2-1/2"]
[WhiteTitle "IM"]
[BlackTitle "GM"]
[WhiteElo "2444"]
[BlackElo "2653"]
[WhiteFideId "24131423"]
[BlackFideId "4118987"]
[EventDate "2014.06.04"]

1. d4 d5 2. c4 c6 3. Nf3 Nf6 4. e3 Bg4 5. h3 Bh5 6. Nc3 e6 7. Qb3 Qb6 8. Ne5
Nbd7 9. g4 Bg6 10. Nxg6 hxg6 11. Bg2 g5 12. O-O Be7 13. Rd1 Qxb3 14. axb3 a6 15.
f3 Nh7 16. cxd5 exd5 17. e4 dxe4 18. fxe4 Nhf8 19. Ra5 Ne6 20. d5 Nec5 21. dxc6
bxc6 22. e5 Nxb3 23. Ra4 Rh6 24. Be3 Bc5 25. Bxc5 Nbxc5 26. Rad4 Ra7 27. b4 Ne6
28. Rxd7 Rxd7 29. Bxc6 Nf8 30. Bxd7+ Nxd7 31. Ne4 Nxe5 32. Nxg5 Rg6 33. Ne4 Rc6
34. Nc5 Rb6 35. Re1 f6 36. Nd3 Rb5 37. Nxe5 fxe5 38. Ra1 Rxb4 39. Rxa6 Kf7 40.
Kf2 1/2-1/2

[Event "67th ch-RUS HL 2014"]
[Site "Vladivostok RUS"]
[Date "2014.06.04"]
[Round "1.13"]
[White "Khairullin, Ildar"]
[Black "Gochelashvili, David"]
[Result "1/2-1/2"]
[WhiteTitle "GM"]
[BlackTitle "IM"]
[WhiteElo "2648"]
[BlackElo "2431"]
[WhiteFideId "4151348"]
[BlackFideId "4161203"]
[EventDate "2014.06.04"]

1. e4 g6 2. d4 Bg7 3. Nc3 c6 4. Nf3 d5 5. h3 Nf6 6. e5 Ne4 7. Bd3 Nxc3 8. bxc3
c5 9. O-O c4 10. Be2 Qa5 11. Qe1 O-O 12. Nh4 Nc6 13. f4 f6 14. Be3 Bd7 15. Qd2
Qa3 16. Rab1 b6 17. f5 gxf5 18. Nxf5 Bxf5 19. Rxf5 fxe5 20. Rg5 exd4 21. Bxd4 e5
22. Rxg7+ Kxg7 23. Qg5+ Kf7 24. Bxe5 Qc5+ 25. Kh1 Nxe5 26. Qxe5 d4 27. Rf1+ Kg8
28. Bxc4+ Qxc4 29. Qg5+ Kh8 30. Qe5+ Kg8 31. Qg5+ Kh8 32. Qe5+ Kg8 33. Qg5+ Kh8
34. Qe5+ Kg8 1/2-1/2

[Event "67th ch-RUS HL 2014"]
[Site "Vladivostok RUS"]
[Date "2014.06.04"]
[Round "1.14"]
[White "Usmanov, Vasily"]
[Black "Sjugirov, Sanan"]
[Result "1/2-1/2"]
[BlackTitle "GM"]
[WhiteElo "2428"]
[BlackElo "2645"]
[WhiteFideId "4135741"]
[BlackFideId "4189302"]
[EventDate "2014.06.04"]

1. d4 d5 2. Nf3 Nf6 3. c4 c6 4. Qc2 e6 5. g3 dxc4 6. Qxc4 b5 7. Qb3 Bb7 8. Bg2
Nbd7 9. a4 a6 10. O-O c5 11. Bg5 cxd4 12. axb5 Bd5 13. Qd3 Nc5 14. Qd1 axb5 15.
Rxa8 Qxa8 16. Bxf6 gxf6 17. Qxd4 Be7 18. Nc3 Bc6 19. Nh4 Qb7 20. b4 Na4 21. Ne4
Bxe4 22. Bxe4 Qd7 23. Qa1 O-O 24. Rd1 Qc7 25. Rc1 Qe5 26. Bd3 Bxb4 27. Qxe5 fxe5
28. Rb1 Be7 29. Bxb5 Rb8 30. Bd3 Rxb1+ 31. Bxb1 Bxh4 32. gxh4 Nc3 33. Bd3 f5 34.
Kg2 Kg7 35. Kg3 Kf6 36. e3 Nd5 37. Bc4 Ke7 38. Be2 Kd6 39. Ba6 Kc5 40. Bc8 Kd6
41. Ba6 Nf6 42. Bc4 Nh5+ 43. Kg2 e4 44. Be2 Nf6 45. Bc4 Ke5 46. Kg3 Nh5+ 47. Kh3
f4 48. exf4+ Kf5 49. Kg2 Nxf4+ 50. Kg3 Nh5+ 51. Kh3 e5 52. Bf7 Nf4+ 53. Kg3 Ne2+
54. Kg2 h6 55. Kf1 Nf4 56. h5 Kg5 57. Bg6 Nxg6 58. hxg6 Kxg6 59. Ke2 Kg5 60. Ke3
Kf5 61. h3 h5 62. h4 Kg4 63. Kxe4 Kxh4 64. Kxe5 Kg4 65. f4 h4 66. Ke4 1/2-1/2

[Event "67th ch-RUS HL 2014"]
[Site "Vladivostok RUS"]
[Date "2014.06.04"]
[Round "1.15"]
[White "Shimanov, Aleksandr"]
[Black "Nevostrujev, Vladimir"]
[Result "1-0"]
[WhiteTitle "GM"]
[BlackTitle "GM"]
[WhiteElo "2643"]
[BlackElo "2421"]
[WhiteFideId "4198603"]
[BlackFideId "4114345"]
[EventDate "2014.06.04"]

1. Nf3 d5 2. g3 g6 3. Bg2 Bg7 4. d4 Nf6 5. O-O O-O 6. Nbd2 c6 7. c4 Qb6 8. b3
Bf5 9. Bb2 Nbd7 10. Rc1 Rfd8 11. e3 a5 12. a3 Ne4 13. h3 h5 14. Nh4 Be6 15. Nxe4
dxe4 16. f4 exf3 17. Nxf3 Qc7 18. Qe1 Nc5 19. Rd1 Ne4 20. Kh2 a4 21. Nh4 Ng5 22.
e4 axb3 23. Qe3 Ra5 24. e5 Kh7 25. Rc1 Qd7 26. Nf3 Nxf3+ 27. Qxf3 Bf5 28. Qxb3
b5 29. Qc3 Ra4 30. cxb5 cxb5 31. d5 Rc4 32. Qb3 Rdc8 33. Rxc4 bxc4 34. Qc3 e6
35. d6 Rb8 36. Rf2 h4 37. gxh4 Rb3 38. Qd4 Bd3 39. h5 gxh5 40. Be4+ Kh8 41. Bxd3
cxd3 42. Qh4 Qb7 43. Qd4 Qd7 44. Rg2 Rb5 45. Qh4 d2 46. Rxd2 Rd5 47. Rg2 f6 48.
Qxh5+ Kg8 49. Qh4 Kf8 50. Qf4 f5 51. Rc2 Rb5 52. a4 Rb8 53. Qd4 Qb7 54. a5 Qb3
55. Rg2 Bh6 56. Qh4 1-0

[Event "67th ch-RUS HL 2014"]
[Site "Vladivostok RUS"]
[Date "2014.06.04"]
[Round "1.16"]
[White "Gritsenko, Andrey"]
[Black "Zvjaginsev, Vadim"]
[Result "0-1"]
[WhiteTitle "IM"]
[BlackTitle "GM"]
[WhiteElo "2418"]
[BlackElo "2642"]
[WhiteFideId "4197933"]
[BlackFideId "4113403"]
[EventDate "2014.06.04"]

1. d4 Nf6 2. c4 e6 3. g3 d5 4. Bg2 Bb4+ 5. Bd2 Bd6 6. Nc3 O-O 7. Nf3 c6 8. O-O
Nbd7 9. Qc2 dxc4 10. e4 e5 11. dxe5 Nxe5 12. Nxe5 Bxe5 13. f4 Bd4+ 14. Kh1 Ng4
15. e5 Nf2+ 16. Rxf2 Bxf2 17. Ne4 Bf5 18. Bb4 c5 19. Ba3 Bd4 20. Qxc4 Bxe4 21.
Bxe4 Rb8 22. Bxc5 Bxc5 23. Qxc5 Qb6 24. Qe7 Qxb2 25. Rb1 Qe2 26. Bxb7 Qc2 27.
Re1 Rfe8 28. Qd7 Red8 29. Qc6 Qb2 0-1

[Event "67th ch-RUS HL 2014"]
[Site "Vladivostok RUS"]
[Date "2014.06.04"]
[Round "1.17"]
[White "Kobalia, Mikhail"]
[Black "Korniushin, Nikolay"]
[Result "1-0"]
[WhiteTitle "GM"]
[BlackTitle "IM"]
[WhiteElo "2627"]
[BlackElo "2357"]
[WhiteFideId "4119150"]
[BlackFideId "4123808"]
[EventDate "2014.06.04"]

1. c4 c5 2. Nf3 Nc6 3. Nc3 g6 4. e3 Bg7 5. d4 d6 6. d5 Ne5 7. Nxe5 Bxe5 8. e4
Bg7 9. Bd3 Nf6 10. O-O O-O 11. f4 e6 12. dxe6 fxe6 13. Be3 b6 14. Be2 Bb7 15.
Bf3 a6 16. Qc2 Qc7 17. Rad1 Rad8 18. h3 Nd7 19. Bg4 Rfe8 20. Bf2 Bf6 21. Kh1 Nf8
22. Bg3 Qg7 23. Bh2 Bc6 24. a4 Bd4 25. Ne2 e5 26. Nxd4 cxd4 27. fxe5 dxe5 28. c5
bxc5 29. Qc4+ Kh8 30. Rf7 Qg8 31. Rdf1 Nd7 32. Qxa6 1-0

[Event "67th ch-RUS HL 2014"]
[Site "Vladivostok RUS"]
[Date "2014.06.04"]
[Round "1.18"]
[White "Egorov, Dmitry"]
[Black "Potkin, Vladimir"]
[Result "0-1"]
[WhiteTitle "FM"]
[BlackTitle "GM"]
[WhiteElo "2343"]
[BlackElo "2621"]
[WhiteFideId "4128303"]
[BlackFideId "4131061"]
[EventDate "2014.06.04"]

1. e4 e6 2. d4 d5 3. exd5 exd5 4. Bd3 c5 5. Nf3 c4 6. Be2 Bd6 7. O-O Ne7 8. b3
cxb3 9. axb3 O-O 10. c4 Nbc6 11. Nc3 Bg4 12. h3 Bh5 13. Rb1 Bb4 14. Na2 a5 15.
Nxb4 axb4 16. Bb2 Ra2 17. Ne5 Bxe2 18. Qxe2 Na5 19. Nd3 Nec6 20. cxd5 Qxd5 21.
Nc1 Nxd4 22. Qd3 Rxb2 23. Rxb2 Nac6 24. Ne2 Nxe2+ 25. Qxe2 Rd8 26. Re1 g6 27.
Qe4 Qxe4 28. Rxe4 Rd1+ 29. Kh2 h5 30. g3 Kg7 31. Kg2 Rd3 32. Re3 Rd1 33. Rc2 Rd5
34. Rc4 g5 35. Rce4 Rd1 36. Re8 g4 37. hxg4 hxg4 38. Rc8 Rd7 39. Re4 f5 40. Re3
Rf7 41. Rce8 Rd7 42. R8e6 Rd5 43. Re8 Rd7 44. Rc8 Rf7 45. Rd3 Re7 46. Rd6 Kf7
47. Rh8 Kg7 48. Rdh6 Nd4 49. R8h7+ Kf8 50. Rxe7 Kxe7 51. Rb6 Nxb3 52. Rxb7+ Kf6
53. Rxb4 Nd2 54. Rb2 Nf3 55. Rb5 Ke6 56. Kf1 Nd4 57. Ra5 Kd6 58. Ke1 Ke6 59. Ra8
Kd5 60. Kd2 Ke4 61. Ra4 Ke5 62. Kd3 Ne6 63. Ra5+ Kf6 64. Kc4 Ng5 65. Kd4 Nh3 66.
Ra6+ Kg5 67. Ke3 Ng1 68. Ra8 Kf6 69. Ra1 Nh3 70. Rh1 Ng5 71. Rh5 Ne6 72. Rh1 Ke5
73. Ra1 Kf6 74. Ra5 Kg6 75. Kd3 Kf6 76. Kc4 Ng5 77. Kd5 Ne4 78. Kd4 Nxf2 79. Ke3
Nh3 80. Ra6+ Ke5 0-1

[Event "67th ch-RUS HL 2014"]
[Site "Vladivostok RUS"]
[Date "2014.06.04"]
[Round "1.19"]
[White "Demchenko, Anton"]
[Black "Zhurikhin, Alexander"]
[Result "1-0"]
[WhiteTitle "GM"]
[BlackTitle "FM"]
[WhiteElo "2613"]
[BlackElo "2333"]
[WhiteFideId "4160258"]
[BlackFideId "4139569"]
[EventDate "2014.06.04"]

1. e4 e5 2. Nf3 Nc6 3. Bc4 Nf6 4. d3 h6 5. O-O d6 6. c3 g6 7. d4 Qe7 8. Re1 Bg7
9. Nbd2 O-O 10. h3 Na5 11. Bf1 c5 12. d5 b6 13. b4 Nb7 14. a4 cxb4 15. cxb4 a5
16. bxa5 Nxa5 17. Rb1 Nd7 18. Ba3 Ba6 19. Bb5 Bxb5 20. axb5 Rfc8 21. Bb4 h5 22.
Rc1 Bh6 23. Rc6 Nxc6 24. dxc6 Nc5 25. Nc4 Qc7 26. Bxc5 dxc5 27. Nfxe5 Ra2 28.
Nd7 Rca8 29. e5 Qd8 30. Ndxb6 Qh4 31. g3 1-0

[Event "67th ch-RUS HL 2014"]
[Site "Vladivostok RUS"]
[Date "2014.06.04"]
[Round "1.20"]
[White "Rychkov, Oleg"]
[Black "Bukavshin, Ivan"]
[Result "0-1"]
[WhiteTitle "FM"]
[BlackTitle "GM"]
[WhiteElo "2333"]
[BlackElo "2607"]
[WhiteFideId "4122852"]
[BlackFideId "4199758"]
[EventDate "2014.06.04"]

1. e4 c6 2. d4 d5 3. e5 Bf5 4. Nd2 e6 5. Nb3 Nd7 6. Nf3 Ne7 7. Be2 h6 8. O-O g5
9. Bd2 a5 10. a4 Bg7 11. Ne1 O-O 12. f4 gxf4 13. Nd3 f6 14. exf6 Nxf6 15. Nxf4
e5 16. Nd3 exd4 17. Nxd4 Ne4 18. Be3 Bd7 19. Nf4 Nf5 20. Nxf5 Rxf5 21. Bg4 Rf7
22. Bh5 Rf8 23. Qd3 Bf5 24. Ng6 Rf6 25. Bd4 Bxg6 26. Rxf6 Bxh5 27. Rf4 Qe7 28.
Bxg7 Qxg7 29. Qh3 Bg6 30. c3 Re8 31. Qf3 Ng5 32. Qg3 Re2 33. Raf1 Kh7 34. h4 Ne6
35. R4f2 Re4 36. Qh3 Qe5 37. g3 Kg7 38. Kh2 Rxa4 39. Rf6 Re4 40. Kg1 h5 41. Qh2
Re3 42. R6f3 Nc5 43. Qf2 Rxf3 44. Qxf3 Ne4 45. g4 hxg4 46. Qxg4 Nf6 47. Qf4 Qxf4
48. Rxf4 Ne4 49. Kf1 a4 50. Ke2 c5 51. Kd3 Nd6+ 52. Kd2 Nc4+ 53. Kc1 b5 54. Rf3
b4 55. cxb4 cxb4 56. h5 Be4 57. Rg3+ Kh6 58. Rg8 Kxh5 59. Ra8 a3 60. b3 Ne5 0-1

[Event "67th ch-RUS HL 2014"]
[Site "Vladivostok RUS"]
[Date "2014.06.04"]
[Round "1.21"]
[White "Goganov, Aleksey"]
[Black "Nechaev, Oleg"]
[Result "1-0"]
[WhiteTitle "GM"]
[WhiteElo "2591"]
[BlackElo "2331"]
[WhiteFideId "24109959"]
[BlackFideId "24113409"]
[EventDate "2014.06.04"]

1. d4 Nf6 2. c4 c5 3. d5 b5 4. cxb5 a6 5. bxa6 g6 6. Nc3 Bg7 7. e4 O-O 8. Nf3 d6
9. Bd2 Qb6 10. Rb1 Bxa6 11. Be2 Nbd7 12. O-O Rfb8 13. h3 Ne8 14. b3 Nc7 15. a4
Rb7 16. Qc2 Bxe2 17. Nxe2 Qa6 18. Nf4 Rab8 19. Rfc1 Qa7 20. Nd3 Na6 21. Re1 Nf6
22. Bc3 Rb6 23. Nd2 R6b7 24. Nc4 Nb4 25. Nxb4 cxb4 26. Bb2 Nd7 27. Bxg7 Kxg7 28.
Kh1 Rc7 29. Qb2+ Kg8 30. a5 Ne5 31. Nxe5 dxe5 32. Qxe5 Rbc8 33. Re3 Qxa5 34.
Rbe1 Qa2 35. R1e2 Qb1+ 36. Kh2 Qc1 37. Qd4 Qc5 38. Rd2 Qb5 39. e5 Rc3 40. d6
exd6 41. exd6 Rxe3 42. Qxe3 Re8 43. Qd4 Rd8 44. d7 h6 45. Qd6 h5 46. Rd5 Qb7 47.
f4 h4 48. Rd4 Qa7 49. f5 gxf5 50. Rxh4 Qxd7 51. Qg3+ Kf8 52. Qe5 Qe6 53. Qc5+
Qd6+ 54. Qxd6+ Rxd6 55. Rxb4 Rd3 56. Kg1 Kg7 57. Rb6 f6 58. b4 Rb3 59. b5 Kg6
60. Rb8 f4 61. b6 Rb2 62. b7 Kg7 63. h4 Kh7 64. h5 Kg7 65. h6+ Kh7 66. Kf1 f5
67. Ke1 Rb6 68. Kd2 Rd6+ 69. Kc3 1-0

[Event "67th ch-RUS HL 2014"]
[Site "Vladivostok RUS"]
[Date "2014.06.04"]
[Round "1.22"]
[White "Kravtsov, Sergey"]
[Black "Maletin, Pavel"]
[Result "0-1"]
[WhiteTitle "IM"]
[BlackTitle "GM"]
[WhiteElo "2311"]
[BlackElo "2588"]
[WhiteFideId "4123816"]
[BlackFideId "4146786"]
[EventDate "2014.06.04"]

1. Nf3 c5 2. c4 Nc6 3. g3 g6 4. Bg2 Bg7 5. O-O d6 6. Nc3 e5 7. d3 Nge7 8. Ne1
Be6 9. Nc2 d5 10. cxd5 Nxd5 11. Nxd5 Bxd5 12. Bxd5 Qxd5 13. Bd2 O-O 14. Bc3 Rfd8
15. Ne3 Qd7 16. a4 Qe6 17. Qc2 Nd4 18. Bxd4 exd4 19. Nc4 b6 20. Rae1 Qd5 21. Na3
a6 22. Nc4 Rab8 23. b3 h5 24. h4 Re8 25. Nd2 a5 26. Nf3 Bf6 27. Qc4 Qf5 28. Nd2
Bxh4 29. e4 Qd7 30. e5 Bd8 31. f4 Kg7 32. Ne4 Be7 33. Re2 Qf5 34. Nf2 h4 35. g4
Qxf4 36. Ne4 Qxg4+ 37. Rg2 Qe6 38. Nf6 Bxf6 39. exf6+ Kh7 40. Rf4 Qxc4 41. Rxh4+
Kg8 42. bxc4 Re1+ 43. Kf2 Rbe8 0-1

[Event "67th ch-RUS HL 2014"]
[Site "Vladivostok RUS"]
[Date "2014.06.04"]
[Round "1.23"]
[White "Vorobiov, Evgeny E."]
[Black "Muratov, Sergey"]
[Result "1-0"]
[WhiteTitle "GM"]
[BlackTitle "FM"]
[WhiteElo "2587"]
[BlackElo "2219"]
[WhiteFideId "4121341"]
[BlackFideId "4131355"]
[EventDate "2014.06.04"]

1. d4 Nf6 2. c4 g6 3. Nc3 c5 4. d5 d6 5. g3 Bg7 6. Bg2 O-O 7. Nf3 e6 8. O-O exd5
9. cxd5 Re8 10. Nd2 a6 11. a4 Nbd7 12. h3 Rb8 13. Nc4 Ne5 14. Na3 Nh5 15. e4 Bd7
16. a5 Qxa5 17. g4 Nf6 18. f4 Nexg4 19. hxg4 Nxg4 20. f5 Ne5 21. f6 Bh8 22. Nc2
Qd8 23. Bg5 h6 24. Bh4 g5 25. Bg3 Bxf6 26. Ne3 Bg7 27. Qh5 Qe7 28. Bh3 Bxh3 29.
Qxh3 Rbd8 30. Bxe5 Qxe5 31. Ng4 Qd4+ 32. Rf2 Rxe4 33. Nxe4 Qxe4 34. Nxh6+ Bxh6
35. Qxh6 Qg4+ 36. Kh2 Qh4+ 37. Qxh4 gxh4 38. Re1 1-0